Θεμελιώδεις αρχές συστημάτων βάσεων δεδομένων

Αποθηκεύτηκε σε:
Λεπτομέρειες βιβλιογραφικής εγγραφής
Κύριος συγγραφέας: Elmasri, Ramez
Άλλοι συγγραφείς: Navathe, Sham, Χατζόπουλος, Μιχάλης (Επιμελητής έκδοσης, Μεταφραστής)
Μορφή: Βιβλίο
Γλώσσα:Greek
English
Δημοσίευση: Αθήνα : Δίαυλος, c2007.
Έκδοση:5η έκδ., αναθ.
Θέματα:
Ετικέτες: Προσθήκη ετικέτας
Δεν υπάρχουν, Καταχωρήστε ετικέτα πρώτοι!

MARC

LEADER 00000cam a2200000 i 4500
001 1/83465
008 080422s2007 gr | ||| |||| ||gre||
020 |a 9789605312183   |q (set) 
020 |a 9789605312190   |q (τ. 1) 
020 |a 9789605312206   |q (τ. 2) 
035 |l 10096934 
040 |a GR-MyUA  |b gre  |e AACR2 
041 1 |a gre  |h eng 
082 7 |a 005.74   |2 (22) 
100 1 |a Elmasri, Ramez. 
245 1 0 |a Θεμελιώδεις αρχές συστημάτων βάσεων δεδομένων /   |c Elmasri, Navathe ; μετάφραση και επιστημονική επιμέλεια Μιχάλης Χατζόπουλος.  
250 |a 5η έκδ., αναθ.  
260 |a Αθήνα :   |b Δίαυλος,   |c c2007.  
300 |a 2 τ. :   |b διαγρ. ;   |c 24 εκ.  
504 |a Περιλαμβάνει βιβλιογραφικές παραπομπές και ευρετήριο.  
650 0 |a Database management. 
650 0 |a System design. 
650 0 |a Data structures (Computer science) 
650 0 |a Database design. 
700 1 |a Navathe, Sham. 
700 1 |a Χατζόπουλος, Μιχάλης,  |e edt  |e trl 
765 0 8 |i Μετάφραση του:   |t Fundamentals of database systems /  
852 |a INST  |b LEMNOS  |e 20100709  |h 005.74 ELM  |p 005600000456  |q 005600000456  |t BK  |y 0  |z τ.1 
852 |a INST  |b LEMNOS  |e 20100709  |h 005.74 ELM  |p 005600000456  |q 005600000456  |t BK  |v τ.1:  |y 0  |z τ.1 
852 |a INST  |b LESVOS  |e 20100519  |h 005.74 ELM  |p 005100047234  |q 005100047234  |t BK  |y 0  |z τ.1 
852 |a INST  |b LESVOS  |e 20100519  |h 005.74 ELM  |p 005100047235  |q 005100047235  |t BK  |y 0  |z τ.1 
852 |a INST  |b LESVOS  |e 20100519  |h 005.74 ELM  |p 005100047236  |q 005100047236  |t BK  |y 0  |z τ.1 
852 |a INST  |b LESVOS  |e 20100519  |h 005.74 ELM  |p 005100047237  |q 005100047237  |t BK  |y 0  |z τ.1 
852 |a INST  |b LESVOS  |e 20100519  |h 005.74 ELM  |p 005100047234  |q 005100047234  |t BK  |v τ.1:  |y 0  |z τ.1 
852 |a INST  |b LESVOS  |e 20100519  |h 005.74 ELM  |p 005100047235  |q 005100047235  |t BK  |v τ.1:  |y 0  |z τ.1 
852 |a INST  |b LESVOS  |e 20100519  |h 005.74 ELM  |p 005100047236  |q 005100047236  |t BK  |v τ.1:  |y 0  |z τ.1 
852 |a INST  |b LESVOS  |e 20100519  |h 005.74 ELM  |p 005100047237  |q 005100047237  |t BK  |v τ.1:  |y 0  |z τ.1 
852 |a INST  |b SAMOS  |e 20080422  |h 005.74 ELM  |p 005300030425  |q 005300030425  |t BK  |y 0  |z τ.2 
852 |a INST  |b SAMOS  |e 20080422  |h 005.74 ELM  |p 005300030429  |q 005300030429  |t BK  |y 0  |z τ.2 
852 |a INST  |b SAMOS  |e 20080422  |h 005.74 ELM  |p 005300030430  |q 005300030430  |t BK  |y 0  |z τ.2 
852 |a INST  |b SAMOS  |e 20080422  |h 005.74 ELM  |p 005300030431  |q 005300030431  |t BK  |y 0  |z τ.2 
852 |a INST  |b SAMOS  |e 20080422  |h 005.74 ELM  |p 005300030432  |q 005300030432  |t BK  |y 23  |z τ.2 
852 |a INST  |b SAMOS  |e 20100729  |h 005.74 ELM  |p 005300031323  |q 005300031323  |t BK  |y 0  |z τ.1 
852 |a INST  |b SAMOS  |e 20100729  |h 005.74 ELM  |p 005300031324  |q 005300031324  |t BK  |y 0  |z τ.1 
852 |a INST  |b SAMOS  |e 20100729  |h 005.74 ELM  |p 005300031325  |q 005300031325  |t BK  |y 0  |z τ.1 
852 |a INST  |b SAMOS  |e 20100729  |h 005.74 ELM  |p 005300031326  |q 005300031326  |t BK  |y 23  |z τ.1 
852 |a INST  |b SAMOS  |e 20100729  |h 005.74 ELM  |p 005300031327  |q 005300031327  |t BK  |y 0  |z τ.1 
852 |a INST  |b SAMOS  |e 20080422  |h 005.74 ELM  |p 005300030425  |q 005300030425  |t BK  |v τ.2:  |y 0  |z τ.2 
852 |a INST  |b SAMOS  |e 20080422  |h 005.74 ELM  |p 005300030429  |q 005300030429  |t BK  |v τ.2:  |y 0  |z τ.2 
852 |a INST  |b SAMOS  |e 20080422  |h 005.74 ELM  |p 005300030430  |q 005300030430  |t BK  |v τ.2:  |y 0  |z τ.2 
852 |a INST  |b SAMOS  |e 20080422  |h 005.74 ELM  |p 005300030431  |q 005300030431  |t BK  |v τ.2:  |y 0  |z τ.2 
852 |a INST  |b SAMOS  |e 20080422  |h 005.74 ELM  |p 005300030432  |q 005300030432  |t BK  |v τ.2:  |y 23  |z τ.2 
852 |a INST  |b SAMOS  |e 20100729  |h 005.74 ELM  |p 005300031323  |q 005300031323  |t BK  |v τ.1:  |y 0  |z τ.1 
852 |a INST  |b SAMOS  |e 20100729  |h 005.74 ELM  |p 005300031324  |q 005300031324  |t BK  |v τ.1:  |y 0  |z τ.1 
852 |a INST  |b SAMOS  |e 20100729  |h 005.74 ELM  |p 005300031325  |q 005300031325  |t BK  |v τ.1:  |y 0  |z τ.1 
852 |a INST  |b SAMOS  |e 20100729  |h 005.74 ELM  |p 005300031326  |q 005300031326  |t BK  |v τ.1:  |y 23  |z τ.1 
852 |a INST  |b SAMOS  |e 20100729  |h 005.74 ELM  |p 005300031327  |q 005300031327  |t BK  |v τ.1:  |y 0  |z τ.1 
852 |a INST  |b SAMOS  |c EUDOXUS  |e 20120329  |h 005.74 ELM  |p 005300033908  |q 005300033908  |t EDX  |y 0  |z τ.2 
852 |a INST  |b SAMOS  |c EUDOXUS  |e 20120329  |h 005.74 ELM  |p 005300033908  |q 005300033908  |t EDX  |v τ.2:  |y 0  |z τ.2 
852 |a INST  |b SYROS  |e 20100916  |h 005.74 ELM  |p 005500007641  |q 005500007641  |t BK  |y 0  |z τ.1 
852 |a INST  |b SYROS  |e 20100916  |h 005.74 ELM  |p 005500007641  |q 005500007641  |t BK  |v τ.1:  |y 0  |z τ.1 
853 |a INST  |b LEMNOS  |h 005.74 ELM 
853 |a INST  |b LESVOS  |h 005.74 ELM 
853 |a INST  |b SAMOS  |h 005.74 ELM 
853 |a INST  |b SAMOS  |c EUDOXUS  |h 005.74 ELM 
853 |a INST  |b SYROS  |h 005.74 ELM 
901 |a BIBL3-2012-1 
901 |a BIBL5-2010-2 
901 |a BIBL3-2010-2 
901 |a BIBL3-2008-1 
901 |a BIBL1-2010-2 
901 |a BIBL6-2010-2 
920 |a Εύδοξος  |b Επιστροφή  |y Σάμος  |z 2012-03 
970 |a Ρούσσου  |b Κωνσταντίνα  |z 22/04/2008